000
00303nam a2200109Ia 4500
008
200302s9999 xx 000 0 und d
100
_a
David Lloyd Jones
245
_a
Architecture and the Environment Bioclimatic Building Design
260
_b
Laurence King Publishing
260
_c
1998
300
_a
255 P.,
999
_c
5489
_d
5489